| 000 | 01062cam a2200205 4500 | ||
|---|---|---|---|
| 001 | ABS66769 | ||
| 008 | 030606n2003 000 0 eng u | ||
| 035 | _a(Sirsi) u122544 | ||
| 100 | _aGreen, B. | ||
| 245 | _aKeeping the faith | ||
| 260 | _c2003 | ||
| 490 |
_aConstruction News _v(Supplement)(6819) June/July 2003, 6-10(4) |
||
| 520 | _aDiscusses whether new methods of measuring firms' commitment to sustainability and other social objectives will have an impact on suppliers and contractors. Argues that firms need to be able to show their dedication to sustainability and suggests methods of measurability such as membership of the Considerate Constructors Scheme. Recommends firms include such measures within their operational structure and maintain a balance between what can be standardised and what should remain flexible. Diagram. | ||
| 590 | _aABS | ||
| 650 | _aCORPORATE SOCIAL RESPONSIBILITY | ||
| 650 |
_aSustainability _96271 |
||
| 650 | _aCONSIDERATE CONTRACTORS SCHEME | ||
| 690 | _aBUILDING AND CONSTRUCTION-MANAGEMENT | ||
| 942 | _n0 | ||
| 999 |
_c72838 _d72838 |
||